书目信息 |
| 题名: |
中国房地产顾客满意度指数系统理论与实践
|
|
| 作者: | 莫天全 主编 ;中国指数研究院 著 | |
| 分册: | ||
| 出版信息: | 北京 经济管理出版社 2005.6 |
|
| 页数: | 226页 | |
| 开本: | 24cm | |
| 丛书名: | ||
| 单 册: | ||
| 中图分类: | F299.233.5 | |
| 科图分类: | ||
| 主题词: | 房地产业--fang di chan ye--商业服务--服务质量--研究--中国 , 商业服务--shang ye fu wu , 服务质量--fu wu zhi liang | |
| 电子资源: | ||
| ISBN: | 7-80207-312-X | |
| 000 | 01181cam0 2200277 450 | |
| 001 | 012006027366 | |
| 005 | 20060329101010.1 | |
| 010 | @a7-80207-312-X@dCNY58.00 | |
| 100 | @a20050716d2005 emky0chiy0121 ea | |
| 101 | 0 | @achi |
| 102 | @aCN@b110000 | |
| 105 | @ay z 000yy | |
| 200 | 1 | @a中国房地产顾客满意度指数系统理论与实践@Azhong guo fang di chan gu ke man yi du zhi shu xi tong li lun yu shi jian@f莫天全主编@g中国指数研究院著 |
| 210 | @a北京@c经济管理出版社@d2005.6 | |
| 215 | @a226页@d24cm | |
| 330 | @a本书从中国房地产满意度调查的实施、中国房地产满意度指数系统的构建和中国房地产满意度指数系统的运作三个方面阐述了中国房地产满意度指数系统的实施,探讨了顾客满意度的房地产企业经营策略。 | |
| 510 | 1 | @aChina real estate customer satisfaction index system theory and practice@zeng |
| 606 | 0 | @a房地产业@Afang di chan ye@x商业服务@x服务质量@x研究@y中国 |
| 606 | 0 | @a商业服务@Ashang ye fu wu |
| 606 | 0 | @a服务质量@Afu wu zhi liang |
| 690 | @aF299.233.5@v4 | |
| 701 | 0 | @a莫天全@Amo tian quan@4主编 |
| 712 | 02 | @a中国指数研究院@Azhong guo zhi shu yan jiu yuan@4著 |
| 801 | 0 | @aCN@bSRXX@c20051229 |
| 801 | 2 | @aCN@bSRXX@c20060329 |
| 905 | @a10447@dF299.233.5@eM880 | |
| 中国房地产顾客满意度指数系统理论与实践/莫天全主编/中国指数研究院著.-北京:经济管理出版社,2005.6 |
| 226页;24cm |
| ISBN 7-80207-312-X:CNY58.00 |
| 本书从中国房地产满意度调查的实施、中国房地产满意度指数系统的构建和中国房地产满意度指数系统的运作三个方面阐述了中国房地产满意度指数系统的实施,探讨了顾客满意度的房地产企业经营策略。 |
| ● |
| 相关链接 |
|
|
|
正题名:中国房地产顾客满意度指数系统理论与实践
索取号:F299.233.5/M880
 
预约/预借
| 序号 | 登录号 | 条形码 | 馆藏地/架位号 | 状态 | 备注 |
| 1 | 549401 | 205494017 | 社科库409/409社科库 31排4列3层/ [索取号:F299.233.5/M880] | 在馆 | |
| 2 | 549402 | 205494026 | 社科库409/409社科库 31排4列4层/ [索取号:F299.233.5/M880] | 在馆 |